ORGANIZATIONAL BEHAVIOUR (Record no. 4471)

MARC details
000 -LEADER
fixed length control field 00354nam a22001457a 4500
008 - FIXED-LENGTH DATA ELEMENTS--GENERAL INFORMATION
fixed length control field 250910b |||||||| |||| 00| 0 eng d
020 ## - INTERNATIONAL STANDARD BOOK NUMBER
ISBN 9780733977664
100 ## - MAIN ENTRY--AUTHOR
Author ROBBINS P. STEPHEN
245 ## - TITLE STATEMENT
Title ORGANIZATIONAL BEHAVIOUR
250 ## - EDITION STATEMENT
Edition statement 5ed
260 ## - PUBLICATION, DISTRIBUTION, ETC. (IMPRINT)
Place of publication AUSTRALIA
Name of publisher PEARSON USSTRALIA
Date of publication 2008
300 ## - COLLATION
Pagination 719p.
942 ## - ADDED ENTRY ELEMENTS (KOHA)
Item type Books
050 ## - LIBRARY OF CONGRESS CALL NUMBER
Classification number HD 58.7
Item number .R63
Holdings
Source of classification or shelving scheme Not for loan Permanent location Current location Date acquired Accession No. Full call number Barcode. Koha item type
Library of Congress Classification   Samuel Ogbemudia Main Library, University of Abuja Samuel Ogbemudia Main Library, University of Abuja 09/10/2025 2011/41292 HD 58.7.R63 2025-3254 Books
Library of Congress Classification   Samuel Ogbemudia Main Library, University of Abuja Samuel Ogbemudia Main Library, University of Abuja 09/10/2025 2011/41292 HD 58.7.R63 2025-3255 Books